Statistics for Best of the Netherlands Picture Quiz

Click here to take the quiz!

General Stats

  • This quiz has been taken 78 times
  • The average score is 9 of 12

Answer Stats

Answer% Correct
Vincent Van Gogh
95%
Dike
94%
Anne Frank
92%
Heineken Beer
91%
Tulip Fields
87%
Windmills
82%
Amsterdam
81%
Cheese
79%
Port of Rotterdam
68%
Clogs
60%
"Coffeeshop"
30%
DAF Trucks
30%

Score Distribution

Percentile by Number Answered

Percent of People with Each Score

Your Score History

You have not taken this quiz